| 000 | 01421nam0a2200361 4500 | ||
|---|---|---|---|
| 001 | RU\NLR\bibl\1787181 | ||
| 005 | 20260405223408.0 | ||
| 010 |
_a978-5-386-03240-1 _97000 |
||
| 021 |
_aRU _b2011-44857 _93180 |
||
| 035 | _a(NLR Aleph) 001777902 | ||
| 090 |
_a1678964 _c1678964 |
||
| 100 | _a20110711d2011 |||y0rusy50 ca | ||
| 101 | 0 | _arus | |
| 102 | _aRU | ||
| 105 | _aa ||||||||| | ||
| 200 | 1 |
_aСовременные лоджии, балконы и окна _fН. [т.е. Валентина Ивановна] Назарова |
|
| 210 |
_aМосква _cРИПОЛ классик _d2011 |
||
| 215 |
_a286 с. _cил. _d21 |
||
| 225 | 1 | _aЭнциклопедия строительства | |
| 300 | _aНа обл. авт. не указан | ||
| 300 | _aВ вып. дан. авт.: Назарова Валентина Ивановна | ||
| 300 | _aНа тит. л. ошибочно: Н.(!) Назарова | ||
| 606 | 1 |
_aЛоджии _92210473 _3RU\NLR\auth\661327880 |
|
| 606 | 1 |
_aБалконы _92210469 _3RU\NLR\auth\661327878 |
|
| 606 | 1 |
_aОкна _91202238 _3RU\NLR\auth\66168618 |
|
| 686 | _aН491 | ||
| 700 | 1 |
_4070 _7ca _8rus _aНазарова _bВ. И. _cспециалист по стр-ву _gВалентина Ивановна _984512 _3RU\NLR\auth\77101586 |
|
| 801 | 0 |
_aRU _bNLR _c20110711 _gRCR |
|
| 801 | 1 |
_aRU _bNLR _c20110711 |
|
| 942 | _cBOOK | ||
| 980 | _aNB | ||
| 980 | _aNBR | ||